<?xml version="1.0" encoding="UTF-8"?>
<record
    xmlns:xsi="http://www.w3.org/2001/XMLSchema-instance"
    xsi:schemaLocation="http://www.loc.gov/MARC21/slim http://www.loc.gov/standards/marcxml/schema/MARC21slim.xsd"
    xmlns="http://www.loc.gov/MARC21/slim">

  <leader>01775nam a2200277   4500</leader>
  <controlfield tag="003">AR-RoBPED</controlfield>
  <controlfield tag="005">20260423104551.0</controlfield>
  <controlfield tag="008">260423b        |||||||| |||| 00| 0 spa d</controlfield>
  <datafield tag="040" ind1=" " ind2=" ">
    <subfield code="a">AR-RoBPED</subfield>
  </datafield>
  <datafield tag="041" ind1=" " ind2=" ">
    <subfield code="a">spa</subfield>
  </datafield>
  <datafield tag="100" ind1="1" ind2=" ">
    <subfield code="a">Palma, Juliana </subfield>
    <subfield code="9">30794</subfield>
    <subfield code="e">Licenciada y doctora en Qu&#xED;mica</subfield>
  </datafield>
  <datafield tag="245" ind1="1" ind2="3">
    <subfield code="a">Las insospechadas conexiones entre Manuel Belgrano y la conservaci&#xF3;n de los bosques nativos /</subfield>
  </datafield>
  <datafield tag="260" ind1=" " ind2=" ">
    <subfield code="a">Buenos Aires :</subfield>
    <subfield code="b">Noveduc,</subfield>
    <subfield code="c">2024</subfield>
  </datafield>
  <datafield tag="300" ind1=" " ind2=" ">
    <subfield code="a">16-20 p.</subfield>
  </datafield>
  <datafield tag="500" ind1=" " ind2=" ">
    <subfield code="a">Una de las facetas menos conocidas de Manuel Belgrano es la de ser un adelantado a su &#xE9;poca en temas ambientales. Desde el Consulado de Buenos Aires, donde ocupaba el cargo de secretario del Virreinato del R&#xED;o de La Plata, Manuel Belgrano despleg&#xF3; su pensamiento de naturalista, destacando la importancia de cuidar los bosques y los suelos, ideales que abraz&#xF3; con fuertes convicciones. Por este motivo, para conmemorar el 20 de junio y teniendo en cuenta la sanci&#xF3;n de Ley de Educaci&#xF3;n Ambiental N&#xB0; 27.621, se presenta una propuesta de talleres con erspectiva ambiental para el abordaje de contenidos transversales, en los que se destaca este rasgo tan importante del pr&#xF3;cer recordado como el creador de la Bandera. </subfield>
  </datafield>
  <datafield tag="650" ind1=" " ind2="0">
    <subfield code="a">MANUEL BELGRANO</subfield>
    <subfield code="9">29103</subfield>
  </datafield>
  <datafield tag="650" ind1=" " ind2="7">
    <subfield code="a">MEDIO AMBIENTE</subfield>
    <subfield code="9">254</subfield>
  </datafield>
  <datafield tag="650" ind1=" " ind2="7">
    <subfield code="a">CONSERVACION</subfield>
    <subfield code="9">9762</subfield>
  </datafield>
  <datafield tag="650" ind1=" " ind2="7">
    <subfield code="a">BOSQUES</subfield>
    <subfield code="9">5100</subfield>
  </datafield>
  <datafield tag="650" ind1=" " ind2="0">
    <subfield code="a">PROPUESTA DID&#xC1;CTICA</subfield>
    <subfield code="9">22005</subfield>
  </datafield>
  <datafield tag="650" ind1=" " ind2="7">
    <subfield code="a">ACTIVIDADES DIDACTICAS</subfield>
    <subfield code="9">18754</subfield>
  </datafield>
  <datafield tag="700" ind1=" " ind2=" ">
    <subfield code="a">Saliture, Laura</subfield>
    <subfield code="9">30795</subfield>
    <subfield code="e">Profesora en Educaci&#xF3;n Inicial, en Educaci&#xF3;n Primaria y en Ciencias de la Educaci&#xF3;n</subfield>
  </datafield>
  <datafield tag="773" ind1="0" ind2=" ">
    <subfield code="0">20414</subfield>
    <subfield code="9">41866</subfield>
    <subfield code="d">Buenos Aires :  Noveduc,  1993-</subfield>
    <subfield code="t">Novedades Educativas</subfield>
    <subfield code="w">(AR-RoBPED)20414</subfield>
    <subfield code="x">03283534</subfield>
  </datafield>
  <datafield tag="942" ind1=" " ind2=" ">
    <subfield code="2">udc</subfield>
    <subfield code="c">REV</subfield>
    <subfield code="h">37(05)</subfield>
    <subfield code="m">Nov 86 N&#xB0; 398 (Sept.2024)</subfield>
    <subfield code="a">k.32609</subfield>
  </datafield>
  <datafield tag="945" ind1=" " ind2=" ">
    <subfield code="a">mar 04/2026</subfield>
  </datafield>
  <datafield tag="999" ind1=" " ind2=" ">
    <subfield code="c">32609</subfield>
    <subfield code="d">32609</subfield>
  </datafield>
</record>
